Statistics for Australian Fish Quiz

Click here to take the quiz!

General Stats

  • This quiz has been taken 114 times
  • The average score is 10 of 15

Answer Stats

HintAnswer% Correct
Southern Bluefin ___Tuna
97%
Gummy _____Shark
82%
King George _____Whiting
79%
BarraBarramundi
78%
Blue Swimmer ___Crab
75%
Spanish ___Mackerel
75%
GTGiant Trevally
70%
Dolphin FishMahi Mahi
68%
Dusky ____Flathead
67%
Yellowtail ____Kingfish
67%
Pink reef fish which grows a humpSnapper
64%
Eel-tailed ___Catfish
63%
Southern Rock ___Lobster
53%
Black KingfishCobia
32%
CallopGolden Perch
25%

Score Distribution

Percentile by Number Answered

Percent of People with Each Score

Your Score History

You have not taken this quiz